Proyecto definitivo del alcantarillado de Santiago y de la red de agua de lavado y de incendios
Salvato in:
| Autore principale: | |
|---|---|
| Natura: | Libro |
| Lingua: | spagnolo |
| Pubblicazione: |
Santiago
Camara Chilena de la Construcción
2013
Santiago Pontificia Universidad Católica de Chile 2013 |
| Edizione: | 1a. ed |
| Serie: | Biblioteca Fundamentos de la Construcción de Chile, 69
|
| Soggetti: | |
| Tags: |
Aggiungi Tag
Nessun Tag, puoi essere il primo ad aggiungerne!!
|
MARC
| LEADER | 00000cam a2200000 a 4500 | ||
|---|---|---|---|
| 001 | UCE3590 | ||
| 003 | CL-VaPUC | ||
| 008 | 140911e20130000cl |||||||||||||||||spa|d | ||
| 020 | |a 9789568306083o.c | ||
| 020 | |a 9789569351082t.69 | ||
| 082 | 0 | 4 | |a 628.23 |b SAN |2 21 |
| 100 | 0 | |a Santa María, Domingo Víctor |e author |9 504235 | |
| 245 | 1 | 0 | |a Proyecto definitivo del alcantarillado de Santiago y de la red de agua de lavado y de incendios |
| 250 | |a 1a. ed | ||
| 300 | |a 318 p | ||
| 942 | |c BK | ||
| 945 | |d 20140911 14:25:00 |a arojas | ||
| 260 | |a Santiago |b Camara Chilena de la Construcción |c 2013 | ||
| 260 | |a Santiago |b Pontificia Universidad Católica de Chile |c 2013 | ||
| 650 | 7 | |a INGENIERIA SANITARIA |2 CL-VaPUC |9 262866 | |
| 650 | 0 | |a Alcantarillado |9 260369 | |
| 650 | 0 | |a Incendios |9 359318 | |
| 651 | 0 | |a Santiago (Chile) |9 261130 | |
| 583 | |a last modification |c 20140911 14:25:00 |k Rodrigo Vera | ||
| 490 | 0 | |a Biblioteca Fundamentos de la Construcción de Chile, 69 | |
| 999 | |c 356802 |d 356800 | ||
| 952 | |0 0 |1 0 |3 erb |4 0 |6 628_230000000000000_SAN_2013_2013 |7 0 |8 A |9 464533 |a BIBING |b BIBING |i 5113008 |o 628.23 SAN 2013 2013 |p 5113008 |r 2025-01-20 |w 2019-11-23 |y BK |z Catalogado en:20140911 |k CCL | ||
| 952 | |0 0 |1 0 |3 erb |4 0 |6 628_230000000000000_SAN_2013_2013 |7 0 |8 A |9 464534 |a BIBHIS |b BIBHIS |i 5408555 |o 628.23 SAN 2013 2013 |p 5408555 |r 2025-01-20 |w 2019-11-23 |y BK |z Catalogado en:20170713 |k HIS | ||